000 00727cam a22002533a 4500
001 3332
003 PGUSA
005 20140828083030.0
008 020701s2002||||xxu|||||s|||||000 | eng d
040 _aPGUSA
_beng
042 _adc
050 4 _aQH
100 1 _aDarwin, Charles,
_d1809-1882
245 1 4 _aThe Variation of Animals and Plants under Domestication
_h[electronic resource] /
_cCharles Darwin
260 _bProject Gutenberg,
_c2002
506 _aPublic domain in the USA.
516 _aElectronic text
653 _aVariation (Biology)
653 _aDomestic animals
653 _aPlants, Cultivated
830 0 _aProject Gutenberg
_v3332
856 4 0 _uhttp://www.gutenberg.org/ebooks/3332
942 _cEB
999 _c232661
_d232661